Muse, therefore 1 AM (Record no. 516153)

000 -LEADER
fixed length control field 00289nam a2200109 4500
082 ## - DEWEY DECIMAL CLASSIFICATION NUMBER
Classification number TNC OA56 N164
100 ## - MAIN ENTRY--PERSONAL NAME
Personal name Narayanan, V.N.
9 (RLIN) 22556
245 ## - TITLE STATEMENT
Title Muse, therefore 1 AM
260 ## - PUBLICATION, DISTRIBUTION, ETC. (IMPRINT)
Place of publication, distribution, etc New Delhi
Name of publisher, distributor, etc Sterling Paperbacks
Date of publication, distribution, etc 1997
300 ## - PHYSICAL DESCRIPTION
Extent 254p.
650 ## - SUBJECT ADDED ENTRY--TOPICAL TERM
Topical term or geographic name as entry element Caricatures and cartoons
9 (RLIN) 22557
Holdings
Withdrawn status Lost status Source of classification or shelving scheme Damaged status Koha normalized classification for sorting Not for loan Permanent location Current location Date acquired Full call number Barcode Date last seen Price effective from Koha item type
        TNC_OA56_N164   Indian Institute of Public Administration Indian Institute of Public Administration 2021-02-18 TNC OA56 N164 GR22890 2023-07-26 2021-02-18 GR

Powered by Koha